Statistics for Car Logos Quiz #1

Click here to take the quiz!

General Stats

  • This quiz has been taken 377,972 times
    (324,458 since last reset)
  • The average score is 15 of 20

Answer Stats

Answer% Correct
Ford
99%
Honda
97%
Audi
92%
Volkswagen
92%
Ferrari
88%
Hyundai
88%
Chevrolet
84%
Lexus
82%
Mazda
80%
Porsche
79%
Mitsubishi
76%
Dodge
70%
Alfa Romeo
64%
Fiat
64%
Peugeot
63%
Cadillac
53%
Infiniti
52%
SEAT
52%
Corvette
50%
Buick
36%

Score Distribution

Percentile by Number Answered

Percent of People with Each Score

Your Score History

You have not taken this quiz since the last reset